La philosophie du credo / (Record no. 154777)

MARC details
000 -LEADER
campo de control de longitud fija 00706nam a2200205 i 4500
001 - NÚMERO DE CONTROL
campo de control 154777
003 - IDENTIFICADOR DE NÚMERO DE CONTROL
campo de control ES-MaACL
005 - FECHA Y HORA DE LA ÚLTIMA TRANSACCIÓN
campo de control 20250822063213.0
008 - DATOS DE LONGITUD FIJA--INFORMACIÓN GENERAL
campo de control de longitud fija 000307s1864 fr |||| | fre d
040 ## - FUENTE DE CATALOGACIÓN
Centro catalogador/agencia de origen BA
Lengua de catalogación spa
Centro/agencia transcriptor BA
100 1# - ENTRADA PRINCIPAL--NOMBRE DE PERSONA
Nombre de persona Gratry, Auguste-Joseph-Alphonse,
Fechas asociadas al nombre 1805-1872
9 (RLIN) 127542
245 13 - MENCIÓN DEL TÍTULO
Título La philosophie du credo /
Mención de responsabilidad, etc. par A. Gratry.
250 ## - MENCION DE EDICION
Mención de edición 2e. éd.
260 ## - PUBLICACIÓN, DISTRIBUCIÓN, ETC.
Lugar de publicación, distribución, etc. Paris :
Nombre del editor, distribuidor, etc. Charles Douniol :
-- J. Lecoffre et Cie.,
Fecha de publicación, distribución, etc. 1864 (
Fabricante Typographie de Ad. Lainé et J Harvard)
300 ## - DESCRIPCIÓN FÍSICA
Extensión 300, [8], 278, [1] p. ;
Dimensiones 18 cm.
597 ## - NOTA DE DESCRIPCIÓN FÍSICA
NOTA DE DESCRIPCIÓN FÍSICA Signaturizado.
650 04 - PUNTO DE ACCESO ADICIONAL DE MATERIA--TÉRMINO DE MATERIA
Término de materia o nombre geográfico como elemento de entrada Credo.
9 (RLIN) 11413
852 ## - LOCALIZACIÓN
Ubicación ES-MaACL
Número de control de estantería B-13467
Nota libre -- Rúst.
Encuadernación -- Edic: Corregir 260: 278 p.
Holdings
Estatus retirado Estado de pérdida Estado de daño No para préstamo Colección Biblioteca de origen Biblioteca actual Ubicación en estantería Fecha de adquisición Fuente de adquisición Total de préstamos Signatura topográfica completa Código de barras Visto por última vez Precio de reemplazo Tipo de ítem Koha
        Libros del s. XIX Biblioteca del Ateneo de Madrid Biblioteca del Ateneo de Madrid Sala Pardo Bazán 17/01/2008     B-13467 1161887 23/02/2023 23/02/2023 Libro impreso antiguo